[Event "B5 Gruppe 1"]
[Site "Koge"]
[Date "2004.??.??"]
[Round "4"]
[White "Agger, Lars Breinholt"]
[Black "Hansen, Erik Svaerke"]
[Result "1/2-1/2"]
[WhiteElo "1785"]
[BlackElo "1791"]
[PlyCount "74"]
[EventDate "2004.04.08"]
[EventType "swiss"]
[EventRounds "5"]
[EventCountry "DEN"]

1. e4 e5 2. Nf3 Nc6 3. Bb5 Nd4 4. Nxd4 exd4 5. d3 c6 6. Bc4 Nf6 7. Qe2 d6 8.
O-O Be7 9. Bg5 O-O 10. Nd2 Ng4 11. Bxe7 Qxe7 12. h3 Ne5 13. f4 Nxc4 14. Nxc4 d5
15. Nd2 dxe4 16. dxe4 b6 17. Rae1 Bb7 18. e5 Qc5 19. Ne4 d3+ 20. Qe3 Qxe3+ 21.
Rxe3 dxc2 22. Rc1 Rad8 23. Nd6 Bc8 24. Rxc2 c5 25. Nxc8 Rd1+ 26. Kf2 Rxc8 27.
e6 fxe6 28. Rxe6 Kf7 29. Rce2 Rc7 30. g4 Rd3 31. Kg2 Rcd7 32. R6e5 g6 33. h4
R3d4 34. Kf3 Rd3+ 35. Kg2 R3d4 36. Kf3 Rd3+ 37. Kg2 R3d4 1/2-1/2

[Event "B5 Gruppe 1"]
[Site "Koge"]
[Date "2004.??.??"]
[Round "4"]
[White "Schoning, Lars"]
[Black "Hansen, Aksel"]
[Result "1-0"]
[WhiteElo "1788"]
[BlackElo "1792"]
[PlyCount "47"]
[EventDate "2004.04.08"]
[EventType "swiss"]
[EventRounds "5"]
[EventCountry "DEN"]

1. d4 d5 2. Nc3 Nf6 3. Bg5 e6 4. e4 dxe4 5. Nxe4 Be7 6. Bxf6 Bxf6 7. Nf3 O-O 8.
Qd2 b6 9. O-O-O Bb7 10. Bd3 Nd7 11. h4 e5 12. Nxf6+ Qxf6 13. Ng5 g6 14. h5 exd4
15. Nxh7 Qg7 16. hxg6 Ne5 17. Nxf8 Rxf8 18. gxf7+ Rxf7 19. Bh7+ Kf8 20. Qxd4
Rd7 21. Qf4+ Rf7 22. Qh4 Qf6 23. Qxf6 Rxf6 24. f3 1-0

[Event "B5 Gruppe 1"]
[Site "Koge"]
[Date "2004.??.??"]
[Round "4"]
[White "Brandt, Klaus"]
[Black "Werner, Gert"]
[Result "0-1"]
[WhiteElo "1799"]
[BlackElo "1878"]
[PlyCount "60"]
[EventDate "2004.04.08"]
[EventType "swiss"]
[EventRounds "5"]
[EventCountry "DEN"]

1. d4 Nf6 2. c4 e6 3. Nf3 c5 4. d5 exd5 5. cxd5 d6 6. e4 g6 7. Nc3 Bg7 8. Be2
O-O 9. O-O Re8 10. Nd2 a6 11. a4 Nbd7 12. f4 Rb8 13. Ra3 c4 14. Bxc4 Nc5 15.
Qf3 Qe7 16. Ba2 Nfxe4 17. Ndxe4 Nxe4 18. Nxe4 Qxe4 19. Qxe4 Rxe4 20. Kf2 Bd7
21. a5 Rc8 22. Kf3 f5 23. Be3 Bxb2 24. Rb3 Bb5 25. Rb1 Rc3 26. Rxc3 Bxc3 27.
Bb6 Bd2 28. Bb3 Rxf4+ 29. Kg3 Rb4 30. Rd1 Rxb3+ 0-1

[Event "B5 Gruppe 1"]
[Site "Koge"]
[Date "2004.??.??"]
[Round "4"]
[White "Christensen, Rene B"]
[Black "Strachan, Christian C"]
[Result "1-0"]
[WhiteElo "1848"]
[BlackElo "1888"]
[PlyCount "63"]
[EventDate "2004.04.08"]
[EventType "swiss"]
[EventRounds "5"]
[EventCountry "DEN"]

1. e4 e5 2. Nf3 Nf6 3. Nxe5 d6 4. Nf3 Nxe4 5. d4 d5 6. Bb5+ c6 7. Bd3 Bd6 8.
O-O O-O 9. h3 f5 10. Ne5 Nd7 11. f4 Qb6 12. Bxe4 fxe4 13. Kh1 Qa6 14. Re1 Nf6
15. Be3 Be6 16. g4 Rae8 17. Nd2 Bc8 18. Nb3 Nd7 19. Rg1 Qb6 20. Qe2 Qd8 21.
Raf1 Qh4 22. Qh2 Bc7 23. c3 Qe7 24. g5 Rf5 25. Ng4 Rxg5 26. Qg2 Rh5 27. f5 Nf6
28. Nc5 Nxg4 29. Qxg4 Rh4 30. Qg2 Rh5 31. f6 Rxh3+ 32. Qxh3 1-0

[Event "B5 Gruppe 1"]
[Site "Koge"]
[Date "2004.??.??"]
[Round "4"]
[White "Hansen, Erik Olsgaard"]
[Black "Hansen, Max Erik"]
[Result "1-0"]
[WhiteElo "1846"]
[BlackElo "1847"]
[PlyCount "51"]
[EventDate "2004.04.08"]
[EventType "swiss"]
[EventRounds "5"]
[EventCountry "DEN"]

1. e4 e5 2. Bc4 Bc5 3. Nf3 Nc6 4. c3 Nf6 5. d4 exd4 6. cxd4 Bb4+ 7. Bd2 Bxd2+
8. Nbxd2 d6 9. O-O O-O 10. Re1 Bg4 11. Qc2 Bh5 12. a3 Re8 13. Bb5 Re7 14. Bxc6
bxc6 15. e5 dxe5 16. dxe5 Nd7 17. Qxc6 Re6 18. Qc3 Nb6 19. Nd4 Rg6 20. e6 fxe6
21. Nxe6 Qd7 22. Qb3 Qd5 23. Nxc7 Qxb3 24. Nxb3 Rc8 25. Rac1 Rf6 26. Nd5 1-0

[Event "B5 Gruppe 1"]
[Site "Koge"]
[Date "2004.??.??"]
[Round "5"]
[White "Brandt, Klaus"]
[Black "Petersen, Per F"]
[Result "1/2-1/2"]
[WhiteElo "1799"]
[BlackElo "1886"]
[PlyCount "111"]
[EventDate "2004.04.08"]
[EventType "swiss"]
[EventRounds "5"]
[EventCountry "DEN"]

1. d4 e6 2. c4 d5 3. Nc3 c6 4. Nf3 dxc4 5. a4 Bb4 6. Bd2 Nf6 7. e3 O-O 8. Bxc4
Nbd7 9. O-O Qe7 10. Na2 Bxd2 11. Qxd2 c5 12. Rfd1 b6 13. Nc3 Bb7 14. d5 exd5
15. Nxd5 Nxd5 16. Bxd5 Nf6 17. Bxb7 Qxb7 18. Qd6 h6 19. Ne5 Rad8 20. Qxd8 Rxd8
21. Rxd8+ Kh7 22. Rad1 Qe4 23. Nxf7 Qxa4 24. h3 Qa2 25. Rh8+ Kg6 26. Ne5+ Kf5
27. Nd3 Qb3 28. g4+ Kg5 29. f4+ Kh4 30. Nf2 Qxe3 31. Rd3 Qe1+ 32. Kg2 Qe2 33.
Rhd8 Ne4 34. Rf3 Nd2 35. Rxd2 Qxd2 36. f5 Qxb2 37. f6 Qxf6 38. Rxf6 gxf6 39.
Ne4 c4 40. Nxf6 c3 41. Ne4 c2 42. Nd2 Kg5 43. Nb3 a5 44. Kg3 a4 45. Nc1 b5 46.
h4+ Kg6 47. Kf3 b4 48. Ke3 b3 49. Kd2 b2 50. Kxc2 bxc1=Q+ 51. Kxc1 Kf6 52. Kb2
Ke5 53. Ka3 Kf4 54. g5 hxg5 55. hxg5 Kxg5 56. Kxa4 1/2-1/2

[Event "B5 Gruppe 1"]
[Site "Koge"]
[Date "2004.??.??"]
[Round "5"]
[White "Strachan, Christian C"]
[Black "Thestrup, Sixten"]
[Result "1-0"]
[WhiteElo "1888"]
[BlackElo "1787"]
[PlyCount "45"]
[EventDate "2004.04.08"]
[EventType "swiss"]
[EventRounds "5"]
[EventCountry "DEN"]

1. e4 d6 2. d4 Nf6 3. Bd3 g6 4. Ne2 Bg7 5. O-O O-O 6. Bg5 c6 7. Qd2 Re8 8. c3
Nbd7 9. f4 e5 10. Kh1 h6 11. fxe5 hxg5 12. exf6 Bxf6 13. Na3 Kg7 14. Nc4 Nb6
15. Ne3 Rh8 16. Rf2 Be7 17. Raf1 f6 18. Qc2 Rh6 19. e5 f5 20. Bxf5 Qh8 21. Bh3
Rxh3 22. Rf7+ Kg8 23. gxh3 1-0

[Event "B5 Gruppe 1"]
[Site "Koge"]
[Date "2004.??.??"]
[Round "5"]
[White "Christensen, Rene B"]
[Black "Madsen, Morten"]
[Result "1-0"]
[WhiteElo "1848"]
[BlackElo "1885"]
[PlyCount "67"]
[EventDate "2004.04.08"]
[EventType "swiss"]
[EventRounds "5"]
[EventCountry "DEN"]

1. e4 c5 2. Nf3 d6 3. d4 cxd4 4. Nxd4 Nf6 5. Nc3 a6 6. Be2 e6 7. O-O Be7 8. f4
Qc7 9. Bf3 O-O 10. Kh1 Nc6 11. Be3 Bd7 12. Nb3 Rab8 13. Qe1 b5 14. Rc1 Rfe8 15.
Qg3 Bc8 16. f5 exf5 17. Bh6 Bf8 18. exf5 Ne5 19. Nd5 Nxd5 20. Bxd5 Kh8 21. Be3
f6 22. Rf4 Bb7 23. Be6 Re7 24. Nd2 Nd3 25. Rh4 Rxe6 26. Qg6 h6 27. fxe6 Nxc1
28. Nf1 Nxa2 29. Ng3 Rc8 30. Nf5 Be4 31. Rxe4 Qxc2 32. e7 Qc1+ 33. Bg1 Qc7 34.
e8=Q 1-0

[Event "B5 Gruppe 1"]
[Site "Koge"]
[Date "2004.??.??"]
[Round "5"]
[White "Andreasen, Bjarke"]
[Black "Hansen, Erik Olsgaard"]
[Result "1-0"]
[WhiteElo "1874"]
[BlackElo "1846"]
[PlyCount "79"]
[EventDate "2004.04.08"]
[EventType "swiss"]
[EventRounds "5"]
[EventCountry "DEN"]

1. d4 Nf6 2. Nf3 g6 3. c4 d5 4. Nc3 Bg7 5. Bg5 Ne4 6. cxd5 Nxc3 7. bxc3 Qxd5 8.
e3 c5 9. Be2 Nc6 10. O-O cxd4 11. cxd4 Bg4 12. Rc1 O-O 13. Bh4 Rac8 14. h3 Bxf3
15. Bxf3 Qd7 16. Qa4 Rc7 17. Rfd1 Nxd4 18. Qxd7 Rxd7 19. exd4 Rfd8 20. d5 Be5
21. Bg3 Bxg3 22. fxg3 e6 23. dxe6 Rxd1+ 24. Rxd1 Rxd1+ 25. Bxd1 fxe6 26. Kf2
Kf7 27. Ke3 Ke7 28. Ke4 Kf6 29. g4 b5 30. h4 h6 31. a3 a5 32. Be2 g5 33. h5 b4
34. axb4 axb4 35. Bc4 Kf7 36. Ke5 Kg7 37. Kxe6 Kh7 38. Kf6 Kh8 39. Bd3 b3 40.
Kg6 1-0

[Event "B5 Gruppe 1"]
[Site "Koge"]
[Date "2004.??.??"]
[Round "5"]
[White "Hansen, Erik Svaerke"]
[Black "Olesen, Michael"]
[Result "0-1"]
[WhiteElo "1791"]
[BlackElo "1831"]
[PlyCount "60"]
[EventDate "2004.04.08"]
[EventType "swiss"]
[EventRounds "5"]
[EventCountry "DEN"]

1. d4 Nf6 2. Nc3 d5 3. Bg5 Ne4 4. Nxe4 dxe4 5. e3 g6 6. Bc4 Bg7 7. h4 h5 8. c3
Qd6 9. Qb3 O-O 10. O-O-O c6 11. Bf4 Qd8 12. d5 Qb6 13. Qa3 Re8 14. d6 e6 15.
Ne2 Nd7 16. Rd2 Qd8 17. Ng3 b5 18. Bb3 f5 19. Bg5 Qb6 20. Rhd1 c5 21. Bc2 Bb7
22. Ne2 a5 23. Nf4 c4 24. Be7 b4 25. Qa4 Bc6 26. Nxe6 Bxa4 27. Bxa4 bxc3 28.
bxc3 Rab8 29. Rc2 Bxc3 30. Bxd7 Qb1# 0-1

[Event "B5 Gruppe 1"]
[Site "Koge"]
[Date "2004.??.??"]
[Round "5"]
[White "Werner, Gert"]
[Black "Rasmussen, Morten Fredsgaard"]
[Result "1-0"]
[WhiteElo "1878"]
[BlackElo "1768"]
[PlyCount "45"]
[EventDate "2004.04.08"]
[EventType "swiss"]
[EventRounds "5"]
[EventCountry "DEN"]

1. Nf3 d5 2. g3 c6 3. Bg2 Nf6 4. O-O Bg4 5. Ne5 Bf5 6. d4 Nbd7 7. c4 e6 8. cxd5
cxd5 9. Bf4 Nxe5 10. dxe5 Nd7 11. Qa4 Be7 12. e4 dxe4 13. Bxe4 Bxe4 14. Qxe4
Qb6 15. Qa4 Qxb2 16. Nd2 Qa3 17. Qb5 Qb4 18. Qe2 b6 19. Rab1 Qa4 20. Ne4 O-O
21. Rfd1 Rac8 22. Rd2 Qa3 23. Rxd7 1-0

[Event "B5 Gruppe 1"]
[Site "Koge"]
[Date "2004.??.??"]
[Round "5"]
[White "Schoning, Lars"]
[Black "Agger, Lars Breinholt"]
[Result "1/2-1/2"]
[WhiteElo "1788"]
[BlackElo "1785"]
[PlyCount "20"]
[EventDate "2004.04.08"]
[EventType "swiss"]
[EventRounds "5"]
[EventCountry "DEN"]

1. c4 c5 2. Nc3 Nf6 3. e4 Nc6 4. Nf3 d6 5. d4 cxd4 6. Nxd4 g6 7. Be2 Bg7 8.
Nxc6 bxc6 9. O-O O-O 10. Bg5 Qa5 1/2-1/2